000 00875nam a2200265 a 4500
001 000003170
003 DO-SdBNP
005 20170929105032.0
007 000003170
008 090707s2008 dr 000 0 spa d
020 _a9789945862508
040 _aBPMSU
_bspa
_cBPMSU
082 4 _aRD863.44
_bM433r
100 1 _aMatos Moquete, Manuel,
_c1944-
245 1 3 _aEl regreso de Plinio El Mesías :
_brelato legendario /
_cManuel Matos Moquete.
260 _aSanto Domingo :
_bPublicaciones Matos Moquete,
_c2008.
300 _a163 p. ;
_c21 cm.
500 _aIncluye datos biográficos del autor en la contracubierta
650 4 _aNOVELA HISTÓRICA DOMINICANA
650 4 _aLITERATURA DOMINICANA
651 4 _aREPÚBLICA DOMINICANA
_xHISTORIA
_xNOVELA
910 _aValidado. Control de calidad MFF
942 _2ddc
_cBK
956 _aVMATEO
_b10
_c20150427
_lBPMSU
_h00151
999 _c7714
_d7714